| 000 | 00819nam a2200205Ia 4500 | ||
|---|---|---|---|
| 003 | OSt | ||
| 005 | 20260326092918.0 | ||
| 008 | 240806s9999||||xx |||||||||||||| ||und|| | ||
| 020 | _aSchaum's outline series | ||
| 040 | _aKenya National Library Service | ||
| 082 | _a001.6424 LIP | ||
| 100 | _aLipschutz, Seymour | ||
| 245 | 0 |
_aSchaum's outline of theory and problems of programming with fortran / _cSeymour Lipschutz and Arthur Poe |
|
| 300 |
_a314 pages : _billustrations, index ; _c28 cm. |
||
| 520 | _aThis book is suitable as a text for an introductory course in Fortran programs by stressing programming techniques as well as good programming practices. | ||
| 650 | _aFortran ( computer program language) | ||
| 700 | _aPoe, Arthur | ||
| 942 |
_cBK _2ddc |
||
| 999 |
_c245619 _d245619 |
||